The secret of skull mountain (Registro nro. 87433)

Detalles MARC
000 -ENCABEZADO
Número de control [NR] 00810nam a22002297a 4500
005 - FECHA Y HORA DE LA ÚLTIMA TRANSACCIÓN
control field 20240430180352.0
008 - DE LONGITUD FIJA DE DATOS DE ELEMENTOS - INFORMACIÓN GENERAL
Elementos de longitud fija [NR] 130821s1948 xxua gr eng
040 ## - FUENTE DE CATALOGACION [NR]
Agencia de catalogación original [NR] Co-BoUCM
Idioma de catalogación [NR] spa
Quien Cataloga Natalia Piñeros (Modificó)
Quien Clasifica Natalia Piñeros (Modificó)
041 00 - CODIGO DE IDIOMA [R]
Código de idioma para texto/pista de sonido o título separado [R] Inglés
100 ## - ASIENTO PRINCIPAL--NOMBRE PERSONAL [NR]
Nombre personal [NR] Dixon, Franklin W.
ID Autoridad 150499
245 04 - MENCION DE TITULO [NR]
Título [NR] The secret of skull mountain
Mención de responsabilidad, etc. [NR] Franklin W. Dixon
260 ## - PUBLICACION, DISTRIBUCION, ETC. (PIE DE IMPRENTA) [R]
Lugar de publicación, distribución, etc. [R] Nueva York (Estados Unidos)
Nombre del editor, distribuidor, etc. [R] Grosset & Dunlap
Fecha de publicación, distribución, etc. [R] 1948
300 ## - DESCRIPCION FISICA [R]
Extensión [R] 212 Páginas
490 ## - MENCION DE SERIE [R]
Mención de serie [R] Hardy Boys Mystery Stories
650 04 - ASIENTO SECUNDARIO DE MATERIA - TERMINO TEMATICO [R]
Término temático o nombre geográfico como elemento de entrada [NR] Cuentos de fantasmas
9 (RLIN) 12266
650 04 - ASIENTO SECUNDARIO DE MATERIA - TERMINO TEMATICO [R]
Término temático o nombre geográfico como elemento de entrada [NR] Cuentos de terror
9 (RLIN) 12268
650 04 - ASIENTO SECUNDARIO DE MATERIA - TERMINO TEMATICO [R]
Término temático o nombre geográfico como elemento de entrada [NR] Historias de aventuras
9 (RLIN) 16966
650 04 - ASIENTO SECUNDARIO DE MATERIA - TERMINO TEMATICO [R]
Término temático o nombre geográfico como elemento de entrada [NR] Novela americana
9 (RLIN) 180570
650 04 - ASIENTO SECUNDARIO DE MATERIA - TERMINO TEMATICO [R]
Término temático o nombre geográfico como elemento de entrada [NR] Novela policiaca
9 (RLIN) 20557
942 ## - ELEMENTOS DE ENTRADA AGREGADOS (KOHA)
Tipo de ítem principal el descrito en 300a Libro
Tema principal Literatura
Edición 1
Parte restante de la signatura top. D621t
Título oculto en OPAC No
Sistema de clasificación DEWEY
Clasificación 813.54
Existencias
Fecha de último préstamo Total préstamos Total Renewals Signatura topográfica Código de barras Última vez visto Ejemplar Costo de reposición Price effective from Tipo de ítem Nota pública (OPAC) Perdido Sistema de clasificación Dañado No prestable Tipo de ítem específico Suprimido Ubicación habitual Ubicación actual Localización Fecha de creación Forma de adquisición
27/09/2023 1 1 813.54 D621t 120000647 04/12/2025 Ej.1 26000.00 03/02/2013 Libro Galería de donantes - José Vicente Castro Silva   DEWEY     Fondos especiales   Claustro Claustro 3er piso 28/02/2003 Donación